LEADER 01098nam a2200289 i 4500 001 000000142750 003 CaOOAMICUS 005 20190701161409.0 008 101004s1967 it u000 u ita u 013 $a118106 040 $aSeMil$bita 100 1 $aArribas, Antonio.$0(OLS)http://semarc/name/57285 240 14$aThe Iberians.$0(OLS)http://semarc/title/208825 245 14$aGli Iberi /$cAntonio Arribas ; traduzione di Elena Lattanzi. 260 $aMilano :$bIl Saggiatore,$c1967. 300 $a265 p. :$bill. ;$c21 cm. 490 0 $aUomo e mito ;$vVolume54 500 $aFront. su due pagine. 650 4$aIberi - Civiltà.$0(OLS)http://semarc/subject/28088 700 1 $aLattanzi, Elena.$0(OLS)http://semarc/name/50700 830 0$aUomo e mito ;$v54.$0(OLS)http://semarc/title/21621 850 $aSeMil 852 $aSeMil$W1$xVenegono$y1$m3S I 30$j95896$B95896$CSeMilBibl$Z2$F155882 $81 961 $aOmaggio: Altro 996 $6245$aGli Iberi$9(OLS)http://semarc/title/208824 996 $6260$aMilano :$bIl Saggiatore$9(OLS)http://semarc/publisher/30255 LEADER 00643naa a2200145 i 4500 001 000000302753 003 CaOOAMICUS 005 20180831172747.0 008 180831n xx u000 u und u 013 $a10487 040 $aSeMil$bita 100 1 $aMoulin, Léo <1906-1996>.$0(OLS)http://semarc/name/14776 245 14$aUne création spécifique du christianisme médiéval. 773 0 $aMoreau, Jean-Nicolas$tUniversités catholiques en Europe.$dParis : Éditions Universitaires, copyr. 1990.$kCulture et religion. Sciences humaines$z2-7113-0436-1$w()36486 996 $6245$aUne création spécifique du christianisme médiéval$9(OLS)http://semarc/title/378721